| 000 -LEADER |
| fixed length control field |
00392cam a22000977a 4500 |
| 008 - FIXED-LENGTH DATA ELEMENTS--GENERAL INFORMATION |
| fixed length control field |
180718b1976 xxu||||| |||| 00| 0 eng d |
| 082 ## - DEWEY DECIMAL CLASSIFICATION NUMBER |
| Classification number |
T34x5433 P969 |
| 245 ## - TITLE STATEMENT |
| Title |
Report on the distributive trade survey relating to urban areas of Punjab |
| Statement of responsibility, etc. |
by Economic and Statistical Organisation, Punjab |
| 260 ## - PUBLICATION, DISTRIBUTION, ETC. |
| Place of publication, distribution, etc. |
Chandigarh |
| Name of publisher, distributor, etc. |
Government Press |
| Date of publication, distribution, etc. |
1976 |
| 700 ## - ADDED ENTRY--PERSONAL NAME |
| Personal name |
Punjab. Economic and Statistical Organisation |